| 000 | 00000nam##2200000za#4500 |
| 001 | 9.568187 |
| 003 | CaOODSP |
| 005 | 20240215150447 |
| 007 | cr ||||||||||| |
| 008 | 150406|1991||||xxc|||||o f|0| 0 eng|d |
| 040 | |aCaOODSP|beng |
| 043 | |an-cn--- |
| 086 | 1 |aPS83-3/9E-PDF |
| 110 | 2 |aCorrectional Service Canada. |
| 245 | 10|aDevelopment and validation of a psychological referral screening tool / |h[electronic resource]|cprepared by Ralph C. Serin. |
| 260 | |bCorrectional Service Canada |c1991. |
| 300 | |a20p.|bgraphs, references, tables |
| 490 | 1 |aResearch report|vR-09 |
| 590 | |a10-09-Supp|b2010-11-02 |
| 710 | 2 |aJoyceville Institution. |
| 720 | 1 |aSerin, Ralph C. |
| 775 | 08|tMise au point et validation d'une formule de présélection pour l'évaluation psychologique / |w(CaOODSP)9.599480 |
| 830 | #0|aResearch report (Correctional Service Canada. Research Branch)|vR-09|w(CaOODSP)9.506063 |
| 856 | 40|ahttp://publications.gc.ca|qPDF|s101 KB|uhttps://publications.gc.ca/collections/collection_2010/scc-csc/PS83-3-9-eng.pdf|yR-09 |